La rana que hierve lentamente o cómo ser empresario argentino y no morir en el intento (Registro nro. 21449)

Detalles MARC
000 -LEADER
fixed length control field 00420 a2200121 4500
001 - CONTROL NUMBER
control field ART_53392
005 - DATE AND TIME OF LATEST TRANSACTION
control field 20260410161811.0
008 - FIXED-LENGTH DATA ELEMENTS--GENERAL INFORMATION
fixed length control field 260409a
100 1# - MAIN ENTRY--PERSONAL NAME
Personal name Barreiro, Marcelo G.
245 10 - TITLE STATEMENT
Title La rana que hierve lentamente o cómo ser empresario argentino y no morir en el intento
700 1# - ADDED ENTRY--PERSONAL NAME
Personal name Truffat, Edgardo Daniel
773 0# - HOST ITEM ENTRY
Title Doctrina Societaria y Concursal
Related parts - N° 406 (sep. 2021)
Record control number REV4298

No hay ítems disponibles.